Éléments d'économie politique (Registro nro. 78997)

Detalles MARC
000 -ENCABEZADO
Número de control [NR] 01923nam a2200325Ia 4500
008 - DE LONGITUD FIJA DE DATOS DE ELEMENTOS - INFORMACIÓN GENERAL
Elementos de longitud fija [NR] 130821s1906 fr gr spa
040 ## - FUENTE DE CATALOGACION [NR]
Agencia de catalogación original [NR] Co-BoUCM
Idioma de catalogación [NR] spa
041 0# - CODIGO DE IDIOMA [R]
Código de idioma para texto/pista de sonido o título separado [R] Francés
092 ## - SIGNATURA TOPOGRAFICA LOCAL
Número de clasificación local E17N015
100 1# - ASIENTO PRINCIPAL--NOMBRE PERSONAL [NR]
Nombre personal [NR] Beauregard, Paul
Fechas asociadas con el nombre [NR] 1853-1919
242 ## - TRADUCCION DEL TITULO POR LA AGENCIA CATALOGADORA [R]
Título [NR] Elementos de economía política
Parte restante del título [NR] Para uso de los estudiantes de Derecho y los alumnos de las escuelas de comercio.
245 10 - MENCION DE TITULO [NR]
Título [NR] Éléments d'économie politique
Parte restante del título [NR] à l'usage des étudiants en droit et des élèves des écoles de commerce
Mención de responsabilidad, etc. [NR] par Paul Beauregard
246 13 - FORMA VARIANTE DEL TITULO [R]
Título propiamente dicho/forma breve del título [NR] [Elementos de economía política
Parte restante del título [NR] Para uso de los estudiantes de Derecho y los alumnos de las escuelas de comercio]
250 ## - MENCION DE EDICION [NR]
Mención de edición [NR] Neuvième edition [9a ed.]
Resto de la mención de edición [NR] entièrement refondue et augmentee [totalmente revisada y ampliada]
260 ## - PUBLICACION, DISTRIBUCION, ETC. (PIE DE IMPRENTA) [R]
Lugar de publicación, distribución, etc. [R] París (Francia)
Nombre del editor, distribuidor, etc. [R] Libraire D'Education Nationale. Publications Alcide Picard [Librería de Educación Nacional. Publicaciones Alcides Picard].
Fecha de publicación, distribución, etc. [R] [1906?]
300 ## - DESCRIPCION FISICA [R]
Extensión [R] 444 páginas
500 ## - NOTA GENERAL [R]
Nota general [NR] Detalles físicos: Encuadernación rígida en cartón forrado en tela texturizada, con letras en lomo y en tapa delantera; línea negras simulando encuadernación holandesa; emblema del editor; precio al público (Seis francos). Conserva anteportada y
504 ## - NOTA DE BIBLIOGRAFIA, ETC. [R]
Nota de bibliografía, etc. [NR]
505 0# - NOTA DE CONTENIDO CON FORMATO PREESTABLECIDO [R]
Nota de contenido con formato preestablecido [NR] Introducción. (Lecciones) Producción de la riqueza. ; Papel de la naturaleza en esta producción. ; El trabajo y la Industria. ; Organización del trabajo. ; Efecto de los inventos sobre la organización y sobre la productividad. ; Necesidad de hac
506 ## - NOTA DE RESTRICCIONES DE ACCESO [R]
Condiciones de acceso [NR] Consulta en sala.
546 ## - NOTA DE IDIOMA [R]
Nota de idioma [NR] Texto en francés
650 ## - ASIENTO SECUNDARIO DE MATERIA - TERMINO TEMATICO [R]
Término temático o nombre geográfico como elemento de entrada [NR] Economía política
Subdivisión de forma [R] Libros de texto
9 (RLIN) 13709
650 ## - ASIENTO SECUNDARIO DE MATERIA - TERMINO TEMATICO [R]
Término temático o nombre geográfico como elemento de entrada [NR] Economía política
Subdivisión geográfica [R] Francia
9 (RLIN) 13709
650 ## - ASIENTO SECUNDARIO DE MATERIA - TERMINO TEMATICO [R]
Término temático o nombre geográfico como elemento de entrada [NR] Economía
9 (RLIN) 174
650 ## - ASIENTO SECUNDARIO DE MATERIA - TERMINO TEMATICO [R]
Término temático o nombre geográfico como elemento de entrada [NR] Economía
Subdivisión geográfica [R] Francia
9 (RLIN) 174
700 1# - ASIENTO SECUNDARIO - NOMBRE PERSONAL [R]
Nombre personal [NR] Le Roy, F.
Término de relación [R]
700 1# - ASIENTO SECUNDARIO - NOMBRE PERSONAL [R]
Nombre personal [NR] Picard, Alcides
942 ## - ELEMENTOS DE ENTRADA AGREGADOS (KOHA)
Tipo de ítem principal el descrito en 300a Libro
Tema principal Economía
Edición 9
Sistema de clasificación DEWEY
Clasificación 330.944
Existencias
Total préstamos Código de barras Última vez visto Volúmen / Fascículo Ejemplar Price effective from Tipo de ítem Perdido Sistema de clasificación Dañado No prestable Tipo de ítem específico Suprimido Ubicación habitual Ubicación actual Localización Fecha de creación Forma de adquisición Costo
  L002585 15/12/2012 E17N015 Ej.1 03/02/2013 Libro   DEWEY     Libro archivo     Archivo Histórico Archivo histórico 28/02/2014 Donación 0.00